| 000 | 00539cam a22001457a 4500 | ||
|---|---|---|---|
| 008 | 180718b2002 xxu||||| |||| 00| 0 eng d | ||
| 082 | _aAPPPA 2001-2002 MIS/25 | ||
| 100 | _aMishra, Narottam | ||
| 245 |
_aRelevance and impact of assessment under the income tax act on direct tax collections in India _cby Narottam Mishra |
||
| 260 |
_aNew Delhi _bIndian Institute of Public Administration _c2002 |
||
| 300 | _a92p. | ||
| 500 | _aAn APPPA M.Phil. dissertation, 2001-02 (Guide: V.N. Alok) | ||
| 650 | _aAPPPA | ||
| 650 | _aIncome Tax - India | ||
| 999 |
_c492047 _d492047 |
||